Automatizované systémy řízení v dopravě Ilustrace automatizace v resortu dopravy
Na minha lista:
| Autor principal: | |
|---|---|
| Formato: | Livro |
| Idioma: | tcheco |
| Publicado em: |
Praha
VŠE - Fakulta výrobně ekonomická
1989
|
| Edição: | 1. vyd. |
| Tags: |
Sem tags, seja o primeiro a adicionar uma tag!
|
MARC
| LEADER | 00000nam a2200000 4500 | ||
|---|---|---|---|
| 001 | c034611 | ||
| 005 | 20221215115747.2 | ||
| 041 | 0 | |a cze | |
| 044 | |a CZ | ||
| 245 | 1 | 0 | |a Automatizované systémy řízení v dopravě |b Ilustrace automatizace v resortu dopravy |c Tomáš Kubálek |
| 250 | |a 1. vyd. | ||
| 264 | 1 | |a Praha |b VŠE - Fakulta výrobně ekonomická |c 1989 | |
| 300 | |a 136 s. | ||
| 100 | 1 | |a Kubálek, Tomáš | |